Vista normal
Vista MARC
Entrada Personal Name
Número de registros utilizados en: 1
001 - CONTROL NUMBER
- control field: 17724
003 - CONTROL NUMBER IDENTIFIER
- control field: DLC
005 - DATE AND TIME OF LATEST TRANSACTION
- control field: 20251124092615.0
008 - FIXED-LENGTH DATA ELEMENTS
- fixed length control field: 210505n| azannaabn |a aaa c
010 ## - LIBRARY OF CONGRESS CONTROL NUMBER
- LC control number: ns2021000710
035 ## - SYSTEM CONTROL NUMBER
- System control number: (CaEvSKY)skya12519091
040 ## - CATALOGING SOURCE
- Original cataloging agency: MX-SlUA
- Language of cataloging: spa
- Description conventions: rda
- Transcribing agency: Mx-PuUPA
- Modifying agency: Mx-PuUPA
100 1# - HEADING--PERSONAL NAME
- Personal name: Rivera Pesquera, Martha,
374 ## - OCCUPATION
- Occupation: Autor
375 ## - GENDER
- Gender: mujer
- Source of term: lcdgt
377 ## - ASSOCIATED LANGUAGE
- Language code: spa
400 1# - SEE FROM TRACING--PERSONAL NAME
- Personal name: Pesquera, Martha Rivera
670 ## - SOURCE DATA FOUND
- Source citation: Re evolución digital: explota la tecnología para transformar digitalmente tu empresa, 2017:
- Information found: title page (Martha Rivera Pesquera)